000 00283nam a22001097a 4500
008 160518b xxu||||| |||| 00| 0 eng d
020 _a188473555X
041 _aeng
080 _a61
245 _aClinical management of heart failure:
_cJames B. Young; Roger M. Mills;
942 _2udc
_cBK
999 _c2189
_d2189